| 000 | 00353 a2200157 4500 | ||
|---|---|---|---|
| 001 | 148654 | ||
| 040 | _cEscola São Tomás de Aquino | ||
| 100 | _aDANSA, Lecticia | ||
| 240 | 1 | 0 |
_aO segredo da lagartixa _lpor |
| 245 | 1 | 0 | _aO segredo da lagartixa |
| 300 | _a32 | ||
| 362 | 0 | _a2000 | |
| 440 | 1 | _aFTD | |
| 697 | _a*LITERATURA INFANTIL | ||
| 942 | _cBK | ||
| 999 |
_c148654 _d148654 |
||